Online
Catalog

Qué ha dicho verdaderamente Berkeley / (Record no. 21665)

MARC details
000 -CABECERA
campo de control de longitud fija 00629nam a2200193 a 4500
001 - NÚMERO DE CONTROL
campo de control 000022167
005 - FECHA Y HORA DE LA ÚLTIMA TRANSACCIÓN
campo de control 20200930011618.0
008 - DATOS DE LONGITUD FIJA--INFORMACIÓN GENERAL
campo de control de longitud fija 100917s1971 sp 000 |bspa d
040 ## - FUENTE DE LA CATALOGACIÓN
Centro catalogador/agencia de origen DO-SdBNP
Lengua de catalogación spa
Centro/agencia transcriptor BNPHU
082 ## - NÚMERO DE LA CLASIFICACIÓN DECIMAL DEWEY
Número de clasificación xxx
Número de documento/Ítem B512M
049 ## - FONDOS LOCALES (OCLC)
Fondos de biblioteca BNGR
100 1# - ENTRADA PRINCIPAL--NOMBRE DE PERSONA
Nombre de persona Manlio Rossi, Mario
9 (RLIN) 45865
240 10 - TÍTULO UNIFORME
Título uniforme Introduzione a Berkeley
Lenguaje de la obra español
245 10 - MENCIÓN DE TÍTULO
Título Qué ha dicho verdaderamente Berkeley /
Mención de responsabilidad, etc. Mario Manlio Rossi; traducción por Carmen Santos.
300 ## - DESCRIPCIÓN FÍSICA
Extensión 211 p. ;.
490 ## - MENCIÓN DE SERIE
Mención de serie Qué ha dicho verdaderamente;
Designación de volumen o secuencia 7
534 ## - NOTA SOBRE LA VERSIÓN ORIGINAL
Encabezamiento principal del original Título original :
Mención de título del original Introduzione a Berkeley
834 ## -
-- Qué ha dicho verdaderamente;
-- 7
Holdings
Estado de retiro Estado de pérdida Restricciones de uso No para préstamo Código de colección Localización permanente Ubicación/localización actual Ubicación en estantería Fecha de adquisición Número de inventario Total de préstamos Signatura topográfica completa Código de barras Fecha visto por última vez Precio válido a partir de Tipo de ítem Koha
      Excluido de préstamo Monografías: Libros y Folletos General General En catalogación 17.09.2010 LF1   xxx B512M 22167-10 25.06.2020 25.06.2020 No se presta

Powered by Koha